| 000 | 00845nam a22001937a 4500 | ||
|---|---|---|---|
| 003 | BD-ChCU | ||
| 005 | 20260408114156.0 | ||
| 008 | 260408b bg ||||| |||| 00| 0 ben d | ||
| 020 | _a9789842004087 | ||
| 040 | _cBD-ChCU | ||
| 082 |
_222 _a ২০০.৮ হারু ৭৬ধ |
||
| 100 |
_aহারুন-উর -রশিদ , মোহাম্মদ _921346 |
||
| 245 |
_aধর্মের নন্দনিকতাও অন্যান্য প্রসঙ্গ / _c মোহাম্মদ হারুন-উর-রশিদ |
||
| 260 |
_aঢাকা : _bঅ্যাডর্ন পাব, _c২০০৮ |
||
| 300 |
_a১৭৫ পৃ _c২২সেমি. |
||
| 500 | _aসূচিপত্র :১৬৯ -১৭৫ | ||
| 650 | 0 |
_aধর্ম -প্রবন্ধাবলী _921401 |
|
| 942 |
_2ddc _cBK _n0 |
||
| 999 |
_c112140 _d112140 |
||